Normal view MARC view
  • Versluis, Jan

Entry Nombre Personal

Number of records used in: 1

001 - NUMERO DE CONTROL

  • campo de control: 53960

003 - IDENTIFICADOR DE NUMERO DE CONTROL

  • campo de control: MX-MxUPN

005 - FECHA Y HORA DE LA ÜLTIMA TRANSACCIÓN

  • campo de control: 20241008152654.0

008 - DATOS DE LONGITUD FIJA

  • campo de control de longitud fija: 241008nn aca||aabn n ana d

040 ## - FUENTE DE CATALOGACIÓN

  • Agencia original de catalogación: MX-MxUPN
  • Lenguaje de catalogación: spa

100 1# - ENCABEZAMIENTO - NOMBRE PERSONAL

  • Nombre personal: Versluis, Jan

670 ## - FUENTE EN LA QUE SE LOCALIZARON DATOS

  • Cita de la fuente: Correspondence between education and the world of work : an alternative way of looking al labour force data with exmaples from Sudan, Singapore, Korea and Thailand, 1978 :
  • Información localizada: portada (Jan Versluis)

902 ## - CATALOGADOR

  • Catalogador: VíctorGodínez/081024